Πρακτικά ημερίδας "Ο γεωστρατηγικός ρόλος της Ελλάδας στον Α' παγκόσμιο πόλεμο"

Αποθηκεύτηκε σε:
Λεπτομέρειες βιβλιογραφικής εγγραφής
Συγγραφή απο Οργανισμό/Αρχή: Επιτροπή Διασύνδεσης του Πανεπιστημίου Αιγαίου με την Χιακή Κοινωνία
Άλλοι συγγραφείς: Καρκαζής, Γιάννης (Επιμελητής έκδοσης)
Μορφή: Βιβλίο
Γλώσσα:Greek
Δημοσίευση: Χίος : Πανεπιστήμιο Αιγαίου. Σχολή Επιστημών της Διοίκησης, 2009
Θέματα:
Ετικέτες: Προσθήκη ετικέτας
Δεν υπάρχουν, Καταχωρήστε ετικέτα πρώτοι!

MARC

LEADER 00000cam a2200000 i 4500
001 1/8730
008 100628s2009 gre d
035 |l 10108370 
040 |a GR-MY-UA  |b gre  |e aacr 
041 0 |a gre 
082 7 |a 940.412495  |2 (22) 
245 0 0 |a Πρακτικά ημερίδας "Ο γεωστρατηγικός ρόλος της Ελλάδας στον Α' παγκόσμιο πόλεμο" /   |c επιμέλεια: Γιάννης Καρκαζής ; Επιτροπή Διασύνδεσης του Πανεπιστημίου Αιγαίου με τη Χιακή κοινωνία. 
260 |a Χίος :   |b Πανεπιστήμιο Αιγαίου. Σχολή Επιστημών της Διοίκησης,   |c 2009 
300 |a 74 σ.;  |c 25 εκ. 
504 |a Περιλαμβάνει βιβλιογραφικές αναφορές 
650 0 0 |a World War, 1914-1918  |z Greece. 
700 1 |a Καρκαζής, Γιάννης,  |e edt 
710 2 |a Επιτροπή Διασύνδεσης του Πανεπιστημίου Αιγαίου με την Χιακή Κοινωνία. 
852 |a INST  |b CHIOS  |e 20100628  |h 940.412495 ΠΡΑ  |p 005200029788  |q 005200029788  |t BK  |y 0 
901 |a BIBL2-2010-2 
970 |a ΣΑΛΑΜΟΥΡΑ  |b ΜΑΡΙΑ  |z 2010/06/28